Introducción del símbolo de la fé

Uloženo v:
Podrobná bibliografie
Hlavní autor: Granada, Luís de (Autor)
Médium: Kniha
Jazyk:španělština
Vydáno: Zaragoza Ebro 1972
Edice:Biblioteca Clásica Ebro
Témata:
Tagy: Přidat tag
Žádné tagy, Buďte první, kdo vytvoří štítek k tomuto záznamu!

MARC

LEADER 00000nam a2200000 a 4500
001 UCR1754
003 CL-VaPUC
008 971219e19720000SP |||||||||||||||||spa|d
082 0 4 |a 253.2  |b GRA  |2 21 
100 0 |a Granada, Luís de  |e author  |9 378228 
245 1 0 |a Introducción del símbolo de la fé 
300 |a 149 p 
942 |c BK 
945 |d 19971219 00:00:00  |a jquezada 
260 |a Zaragoza  |b Ebro  |c 1972 
650 0 |a Teología pastoral   |9 257832 
650 0 |a Fe  |9 308036 
650 0 |a Biografías  |9 255210 
650 0 |a Cristianismo  |9 257361 
650 0 |a Simbolismo  |9 267046 
583 |a last modification  |c 19971219 00:00:00  |k Rodrigo Vera 
490 0 |a Biblioteca Clásica Ebro 
999 |c 265120  |d 265118 
952 |0 0  |1 0  |4 0  |6 253_200000000000000_GRA_1972  |7 0  |8 A  |9 295926  |a BIBEDU  |b BIBEDU  |d 2019-11-20  |i 3380505  |o 253.2 GRA 1972  |p 3380505  |r 2019-11-20  |w 2019-11-20  |y BK  |k LIT